Death in the fearful night /

Saved in:
Bibliographic Details
Main Author: Bellairs, George, 1902-
Format: Book
Language:English
Published: London : Gifford, 1960.
LEADER 00730nam a2200205 a 4500
001 c000087708
003 CARM
005 00000000000000.0
008 921211s1960 enk 00011 eng d
019 1 |a 9648660  |5 LACONCORD2021 
035 |a (OCoLC)30255339  |5 LACONCORD2021 
040 |a CLONE  |c VLINC 
100 1 |a Bellairs, George,  |d 1902- 
245 1 0 |a Death in the fearful night /  |c by George Bellairs. 
260 |a London :  |b Gifford,  |c 1960. 
300 |a 192 p. ;  |c 19 cm. 
852 8 |b CARM  |h A2:AH12G0  |i A01838  |p 0131479  |f BK 
082 0 4 |a 823.914  |2 20 
999 f f |i f4811f40-4cf2-5b4e-8a3c-126d0eebaa46  |s 4d5fddb5-def1-565c-bb82-7f22311410b8 
952 f f |p Can circulate  |a CAVAL  |b CAVAL  |c CAVAL  |d CARM 1 Store  |e A01838  |f A2:AH12G0  |h Other scheme  |i book  |m 0131479